| 000 | 00880nam a2200241 a 4500 | ||
|---|---|---|---|
| 005 | 20090831162415.0 | ||
| 008 | 060731s1999 nyua b 000 0 eng d | ||
| 010 | _aENG-94999 | ||
| 020 | _c175.00 | ||
| 035 | _aEN-78532 | ||
| 037 | _bDBAD / PUB | ||
| 040 |
_adpl _bEnglish |
||
| 082 | _a516.36 | ||
| 100 | _aMajumdar, M. | ||
| 245 |
_aDifferential geometry / _cby M. Majumdar [and] A. Bhattacharyya |
||
| 260 |
_aKolkata _bBooks & Allied _c2009 |
||
| 270 |
_a8/1, Chintamoni Das Lane, _bKolkata _e700009 |
||
| 300 |
_a164, iip. _c23cm(pbk) |
||
| 500 | _aIncludes bibliographical references and index | ||
| 700 | _aBhattacharyya, A. | ||
| 942 |
_2ddc _cEN _mMAJ _h516.36 |
||
| 999 |
_c29853 _d29853 |
||